000 00476nam a2200157Ia 4500
008 151213s9999 xx 000 0 und d
100 _aসুনীল
245 _aসন্ধার মেঘমালা
_cসুনীল
250 _a১ম সং
260 _aঢাকা
_bশ্রীনিকঞ্জ কুমার শাহা
_c1985
300 _a8368 p.
650 _aBangla
650 _aউপন্যাস
700 _aসুনীল
999 _c4207
_d4207